000 00770nam a2200229Ii 4500
003 JO-AjNU
008 230605s9999||||xx |||||||||||||| ||und||
017 _a2004/6/1360
020 _a9957-18-024-X
040 _aJO-AjNU
_bara
_erda
_cJO-AjNU
041 _aara
050 1 4 _aPJ6069 2004
100 3 _aتاليف الدليمي، كامل محمود نجم,
_eauthor
_910868
245 0 0 _aأساليب تدريس قواعد اللغة العربية
250 _aط1
264 3 1 _aعمان: دار المناهج، 2004
300 _a156ص
336 _atext
_btxt
_2rdacontent
337 _aunmediated
_bn
_2rdamedia
338 _avolume
_bnc
_2rdacarrier
650 4 _aأساليب تدريس-قواعد اللغة العربية-اللغة العربية
_910869
999 _aA2029
_c5597
_d5597